书目信息 |
| 题名: |
地生兰与菌根真菌共生关系研究
|
|
| 作者: | 伍建榕 , 马焕成 著 | |
| 分册: | ||
| 出版信息: | 北京 科学出版社 2016.6 |
|
| 页数: | 131页 | |
| 开本: | 26cm | |
| 丛书名: | ||
| 单 册: | ||
| 中图分类: | Q949.710.2 , Q949.320.8 | |
| 科图分类: | ||
| 主题词: | 兰科--菌根菌--共生--研究 | |
| 电子资源: | ||
| ISBN: | 978-7-03-048563-2 | |
| 000 | 01324nam0 2200265 450 | |
| 001 | 0400002348 | |
| 005 | 20171020172322.0 | |
| 010 | @a978-7-03-048563-2@dCNY88.00 | |
| 100 | @a20160826e2016 em y0chiy50 ea | |
| 101 | 0 | @achi |
| 102 | @aCN@b110000 | |
| 105 | @aa z 000yy | |
| 106 | @ar | |
| 200 | 1 | @a地生兰与菌根真菌共生关系研究@9di sheng lan yu jun gen zhen jun gong sheng guan xi yan jiu@f伍建榕, 马焕成著 |
| 210 | @a北京@c科学出版社@d2016.6 | |
| 215 | @a131页@c图@d26cm | |
| 300 | @a国家自然科学基金项目:地生兰菌根菌共生机制研究 国家自然科学基金项目:地生兰-菌根真菌-松三联共生关系研究 国家“十一五”科技支撑计划重点项目“中国重要生物物种资源监测和保育关键技术与应用示范”课题:珍稀濒危鸟类和植物繁育技术与示范等资助 | |
| 330 | @a本书阐述了地生兰菌根的形态解剖特征、菌根真菌的多样性,以及兰科植物与菌根真菌共生培养的方法和技术。通过接种和未接种实验和生长、生理生化和同位素示踪测定,分析了菌根真菌与地生兰的专一性、营养关系、生长变化和生理生化响应机制,揭示了菌根真菌和地生兰的共生系统和共生体的形成机理,为地生兰组织扩繁、栖息地保护和种群恢复提供了理论依据。 | |
| 606 | 0 | @a兰科@x菌根菌@x共生@x研究 |
| 690 | @aQ949.710.2@v5 | |
| 690 | @aQ949.320.8@v5 | |
| 701 | 0 | @a伍建榕@9wu jian rong@4著 |
| 701 | 0 | @a马焕成@9ma huan cheng@4著 |
| 801 | 0 | @aCN@b91MARC@c20171020 |
| 905 | @b1026886-90@dQ949.710.2@f5@e345 | |
| 地生兰与菌根真菌共生关系研究/伍建榕, 马焕成著.-北京:科学出版社,2016.6 |
| 131页:图;26cm |
| 国家自然科学基金项目:地生兰菌根菌共生机制研究 国家自然科学基金项目:地生兰-菌根真菌-松三联共生关系研究 国家“十一五”科技支撑计划重点项目“中国重要生物物种资源监测和保育关键技术与应用示范”课题:珍稀濒危鸟类和植物繁育技术与示范等资助 |
| ISBN 978-7-03-048563-2:CNY88.00 |
| 本书阐述了地生兰菌根的形态解剖特征、菌根真菌的多样性,以及兰科植物与菌根真菌共生培养的方法和技术。通过接种和未接种实验和生长、生理生化和同位素示踪测定,分析了菌根真菌与地生兰的专一性、营养关系、生长变化和生理生化响应机制,揭示了菌根真菌和地生兰的共生系统和共生体的形成机理,为地生兰组织扩繁、栖息地保护和种群恢复提供了理论依据。 |
| ● |
| 相关链接 |
|
|
|
|
正题名:地生兰与菌根真菌共生关系研究
索取号:Q949.710.2/345
 
预约/预借
| 序号 | 登录号 | 条形码 | 馆藏地/架位号 | 状态 | 备注 |
| 1 | 1026886 | 210268869 | 第二样本阅览室/ [索取号:Q949.710.2/345] | 在馆 | |
| 2 | 1026887 | 210268878 | 密集书库-生命科学系/ [索取号:Q949.710.2/345] | 在馆 | |
| 3 | 1026888 | 210268887 | 第三借阅区/ [索取号:Q949.710.2/345] | 在馆 | |
| 4 | 1026889 | 210268896 | 第三借阅区/ [索取号:Q949.710.2/345] | 在馆 | |
| 5 | 1026890 | 210268903 | 第三借阅区/ [索取号:Q949.710.2/345] | 在馆 |